| 000 | 00623nam a22001937a 4500 | ||
|---|---|---|---|
| 999 |
_c730 _d730 |
||
| 003 | OSt | ||
| 005 | 20210616130420.0 | ||
| 008 | 210616b ||||| |||| 00| 0 eng d | ||
| 020 | _a9781118119198 | ||
| 040 |
_cALUPE UN _dALUPE UN |
||
| 050 |
_a HD 30.4 _b .M362 2011 |
||
| 100 | _a: John Wiley & Sons, | ||
| 245 |
_aManagement and organizational studies / University of Western Ontario _bManagement and organizational studies / University of Western Ontario |
||
| 250 |
_aWILEY _bWILEY |
||
| 260 |
_aCanada _bwiley _cc2011 |
||
| 300 |
_a 265 pages : _billustrations _g23cm |
||
| 600 | _2- Management | ||
| 942 |
_2lcc _cBK _nDO |
||